书目信息 |
| 题名: |
基因克隆理论与技术
|
|
| 作者: | 王廷华 董坚 | |
| 分册: | ||
| 出版信息: | 北京 科学出版社 2005 |
|
| 页数: | 192 | |
| 开本: | 26cm | |
| 丛书名: | 21世纪生物技术丛书 | |
| 单 册: | ||
| 中图分类: | Q785 | |
| 科图分类: | ||
| 主题词: | 遗传工程 | |
| 电子资源: | ||
| ISBN: | 7-03-014645-X | |
| 000 | 00612nam0 2200205 450 | |
| 001 | 0741144344 | |
| 005 | 20070817112544.34 | |
| 010 | @a7-03-014645-X@d¥34.80 | |
| 100 | @a20070817d km y0chiy0120 ea | |
| 101 | 0 | @achi |
| 200 | 1 | @a基因克隆理论与技术@Aji yin ke long li lun yu ji shu@f王廷华 董坚@Fwang ting hua dong jian |
| 210 | @a北京@c科学出版社@d2005 | |
| 215 | @a192@d26cm | |
| 225 | 2 | @a21世纪生物技术丛书 |
| 410 | 0 | @12001 @a21世纪生物技术丛书 |
| 606 | 0 | @a遗传工程 |
| 690 | @aQ785@v3 | |
| 701 | 0 | @a王廷华 董坚@Awang ting hua dong jian |
| 801 | 0 | @aCN@bPFT@c20070817 |
| 905 | @a213230@dQ785@en2@f1 | |
| 基因克隆理论与技术/王廷华 董坚.-北京:科学出版社,2005 |
| 192;26cm.-(21世纪生物技术丛书) |
| ISBN 7-03-014645-X:¥34.80 |
| ● |
| 相关链接 |
|
|
|
|
正题名:基因克隆理论与技术
索取号:Q785/n2
 
预约/预借
| 序号 | 登录号 | 条形码 | 馆藏地/架位号 | 状态 | 备注 |
| 1 | 6601686 | 266016866 | 密集书库-生命科学系/ [索取号:Q785/n2] | 在馆 | |
| 2 | 6601687 | 266016875 | 密集书库-生命科学系/ [索取号:Q785/n2] | 在馆 |